000 01617nam a2200349 a 4500
001 000012928
003 DO-SdBNP
005 20160420100419.0
007 000012928
008 091118s2005 dr ac 000 0 spa d
020 _a9945110446
040 _aBPMSU
_bspa
_cBPMSU
092 _axxxx
_bL566
100 _aOsorio Meza, María José
245 0 0 _aLengua y literatura 3 :
_beducación media /
_cMartha Campusano...[et al.] ; dirección editorial Obdulia García de Escobar.
246 _atercero de bachillerato 1er curso/segundo ciclo
260 _aSanto Domingo :
_bSantillana,
_c2005.
300 _a4 v. :
_bil., retrs. ;
_c28 cm.
490 1 _aÁmbar
500 _aLa biblioteca solamente posee los volumenes 3
505 0 _av. 3 :
_g1er. curso/ 2do. ciclo
_gunidad 1 --
_tEl trabajo de ser uno mismo --
_gunidad 2 --
_tRespetar el derecho ajeno --
_gunidad 3 --
_tConstruir al ser humano --
_gunidad 4 --
_tLa mujer en la historia --
_gunidad 5 --
_tAmigos para siempre --
_gunidad 6 --
_tSer dominicanos --
_gunidad 7 --
_tValemos lo que soñamos --
_gunidad 8 --
_tEl reino de este mundo --
_gunidad 9 --
_tPensar para crecer --
_gunidad 10 --
_t¡Máquina con tus ideas! --
650 _aGRAMÁTICA
_xENSEÑANZA SECUNDARIA
650 _aEDUCACIÓN SECUNDARIA
_xREPÚBLICA DOMINICANA
650 _aGRAMÁTICA
_xLIBROS DE TEXTO
650 _aGRAMÁTICA
_xESTUDIOS Y EJERCICIOS
700 1 _aGarcía Cartagena, Manuel
830 0 _aÁmbar
930 1 _lBND01
_mLF1
_820091118
_f01
_pHD
_g7864
942 _2ddc
_cBK
956 _adaysi garcia
_b10
_c20150805
_lBND01
_h1303
956 _aVMATEO
_b10
_c20150813
_lBPMSU
_h00151
999 _c9852
_d9852